La verificación de créditos en el proceso concursal /
Guardado en:
| Autor Principal: | |
|---|---|
| Formato: | Desconocido |
| Idioma: | Spanish |
| Publicado: |
Rosario :
Nova tesis Editorial Jurídica,
2011
|
| Edición: | 1a. ed. |
| Series: | Derecho Concursal
4 |
| Materias: | |
| Etiquetas: |
Agregar Etiqueta
Sin Etiquetas, Sea el primero en etiquetar este registro!
|
| LEADER | 00863nac a22001815a 4500 | ||
|---|---|---|---|
| 001 | DER.der013059 | ||
| 008 | 180615s2011####|||||||||||||||||#||spa|| | ||
| 005 | 20241031092152.0 | ||
| 245 | 1 | 0 | |a La verificación de créditos en el proceso concursal / |c María Cristina De Cesaris. |
| 250 | |a 1a. ed. | ||
| 260 | |a Rosario : |b Nova tesis Editorial Jurídica, |c 2011 | ||
| 300 | |a 103 p. | ||
| 440 | 0 | |a Derecho Concursal |v 4 | |
| 500 | |a ¿Qué es la verificación de créditos?. Trámite de la verificación tempestiva. Algunas cuestiones de especial interés. La sentencia de verificación y graduación de créditos. El recurso de revisión. La acción de dolo. La verificación tardía de créditos. La Prescripción concursal /. | ||
| 020 | |a 9789876350488 | ||
| 100 | 1 | |a De Cesaris, María Cristina | |
| 650 | 7 | |a DERECHO CONCURSAL | |
| 859 | |a DERECHO |b BIB. DERECHO |h 346.07 |i DEC |p 007961 | ||
